Les jeux vidéos Ankama dans le Krosmoz - Statistiques

Statistiques générales
  • Ce quiz a été pris 36 fois
  • Le résultat moyen est 6 sur 16
Statistiques - réponses
Sortie Support Jeu % Correct
2004 PC Dofus
100%
2011 Xbox Islands of Wakfu
97%
2012 PC Wakfu
97%
2023 PC, Mobile Waven
82%
2016 Mobile Dofus Touch
74%
2017 PC, Mobile Krosmaga
47%
2012 PC, Mobile Krosmaster Arena
18%
2017 Mobile Dofus Pets
15%
2010 PC Arena
12%
2009 Navigateur Wakfu : Les Gardiens
9%
2018 Mobile Wakfu : La Confrérie
6%
2011 Navigateur Boufbowl
3%
2016 Mobile Dofus Pogo
3%
2011 Mobile Dofus Battles
0%
2012 Mobile Dofus Battles 2
0%
2015 Mobile Wakfu Raiders
0%
Aucun quiz correspondant
Distribution des résultats
% des personnes avec chaque résultat
Percentile par nombre de réponses
Votre historique - résultats
Vous n’avez pas pris ce quiz